000 01255nab a22002297a 4500
999 _c5652
_d5652
003 OSt
005 20251226213437.0
008 190603e xxum|||| |||| 00| 0 spa d
040 _cPJ
100 _96616
_aLucero, Laura
245 1 0 _aAdicción algorítmica. Principio de prevención y precaución /
_cLaura Lucero.
260 _cCiudad Autónoma de Buenos Aires :
_aThomson Reuters La Ley,
_b2025.
300 _ap. 199-207
500 _aCita: TR LALEY AR/DOC/1048/2025 Publicado en: RCCyC 2025 (junio).
505 _aSumario: I. Introducción.— II. La adicción a las nuevas tecnologías y sus factores de riesgo.— III. Función preventiva de la responsabilidad civil. Fundamentos y legitimación.— IV. Presupuestos de la acción preventiva.— V. Conclusiones. Estrategias de prevención. Aplicación del principio precautorio.
505 _t¿Te interesa el texto completo? Solicitalo al correo: koha@justierradelfuego.gov.ar
650 0 _91497
_aCODIGO CIVIL Y COMERCIAL
650 0 _91467
_aRESPONSABILIDAD CIVIL
650 0 _94023
_aNUEVAS TECNOLOGIAS DE INFORMACION
773 0 _02713
_93170
_dCiudad Autónoma de Buenos Aires : Thomson Reuters La Ley, 2015-
_tRevista Código Civil y Comercial. Nº 3 - Junio 2025
942 _2udc
_cANA